ARRUPE JESUIT UNIVERSITY

CORONAVIRUS -STOP THE SPREAD - CLEAN,DISINFECT,COVER

Black Government? : (Record no. 118241)

MARC details
000 -LEADER
fixed length control field 00873cam a2200241 i 4500
001 - CONTROL NUMBER
control field 3185500
003 - CONTROL NUMBER IDENTIFIER
control field ARRUPE
005 - DATE AND TIME OF LATEST TRANSACTION
control field 20140912020007.0
008 - FIXED-LENGTH DATA ELEMENTS--GENERAL INFORMATION
fixed length control field 761214s1960 za af 000 0 eng
010 ## - LIBRARY OF CONGRESS CONTROL NUMBER
LC control number 76378796
040 ## - CATALOGING SOURCE
Original cataloging agency DLC
Transcribing agency DLC
Modifying agency DLC
043 ## - GEOGRAPHIC AREA CODE
Geographic area code f-za---
050 00 - LIBRARY OF CONGRESS CALL NUMBER
Classification number DT3108
Item number .M875 1960
300 ## - PHYSICAL DESCRIPTION
Other physical details ill. ;
Dimensions 22 cm.
100 1# - MAIN ENTRY--PERSONAL NAME
Personal name Morris, Colin,
Dates associated with a name 1929-
9 (RLIN) 2084
245 10 - TITLE STATEMENT
Title Black Government? :
Remainder of title A discussion between Colin Morris and Kenneth Kaunda.
260 ## - PUBLICATION, DISTRIBUTION, ETC. (IMPRINT)
Place of publication, distribution, etc Lusaka, Northern Rhodesia :
Name of publisher, distributor, etc United Society for Christian Literature,
Date of publication, distribution, etc 1960.
300 ## - PHYSICAL DESCRIPTION
Extent 116 p., [5] leaves of plates :
651 #0 - SUBJECT ADDED ENTRY--GEOGRAPHIC NAME
Geographic name Zambia
General subdivision Politics and government
Chronological subdivision To 1964.
9 (RLIN) 2085
651 #0 - SUBJECT ADDED ENTRY--GEOGRAPHIC NAME
Geographic name Rhodesia, Northern
General subdivision Politics
-- Nationalism
9 (RLIN) 2086
700 1# - ADDED ENTRY--PERSONAL NAME
Personal name Kaunda, Kenneth D.
Fuller form of name (Kenneth David),
Dates associated with a name 1924-
9 (RLIN) 2087
906 ## - LOCAL DATA ELEMENT F, LDF (RLIN)
a 7
b cbc
c orignew
d 4
e ncip
f 19
g y-gencatlg
942 ## - ADDED ENTRY ELEMENTS (KOHA)
Source of classification or shelving scheme Library of Congress Classification
Koha item type Monograph ( Printed materials)
Koha issues (borrowed), all copies 1
Holdings
Withdrawn status Lost status Source of classification or shelving scheme Damaged status Not for loan Home library Current library Shelving location Date acquired Total Checkouts Full call number Barcode Date last seen Date checked out Price effective from Koha item type Collection code Copy number
    Library of Congress Classification     ARRUPE LIBRARY ARRUPE LIBRARY Main Collection 03/10/2013 1 DT3108 .M875 1960 46411083 07/12/2017 11/09/2014 03/10/2013 Monograph ( Printed materials)    
    Library of Congress Classification     ARRUPE LIBRARY ARRUPE LIBRARY Main Collection 28/03/2014   SPC DT3108 .M875 1960 46500002062 28/03/2014   28/03/2014 Monograph ( Printed materials) SPECIAL Collection 2

 

Arrupe Library. PO Box MP320 Mt Pleasant, Harare, Zimbabwe
263 242 745411|librarian@aju.ac.zw